| 000 | 01395nam a2200373Ia 4500 | ||
|---|---|---|---|
| 001 | ebr10515895 | ||
| 003 | CaPaEBR | ||
| 006 | m u | ||
| 007 | cr cn||||||||| | ||
| 008 | 880803s1986 ne a sb 001 0 eng d | ||
| 010 | _z 86026899 | ||
| 020 | _z1556190123 | ||
| 020 | _z9789027250070 | ||
| 020 | _z9789027278890 | ||
| 040 |
_aCaPaEBR _cCaPaEBR |
||
| 035 | _a(OCoLC)769190404 | ||
| 050 | 1 | 4 |
_aP302 _b.Y6 1986eb |
| 100 | 1 | _aYokoyama, Olga Tsuneko. | |
| 245 | 1 | 0 |
_aDiscourse and word order _h[electronic resource] / _cOlga T. Yokoyama. |
| 260 |
_aAmsterdam ; _aPhiladelphia : _bJ. Benjamins Pub. Co., _c1986. |
||
| 300 |
_ax, 361 p. : _bill. |
||
| 490 | 1 |
_aPragmatics & beyond companion series ; _v6 |
|
| 504 | _aIncludes bibliography and indexes. | ||
| 533 |
_aElectronic reproduction. _bPalo Alto, Calif. : _cebrary, _d2013. _nAvailable via World Wide Web. _nAccess may be limited to ebrary affiliated libraries. |
||
| 650 | 0 | _aDiscourse analysis. | |
| 650 | 0 | _aSpeech acts (Linguistics) | |
| 650 | 0 | _aPragmatics. | |
| 650 | 0 | _aCommunicative competence. | |
| 650 | 0 |
_aRussian language _xWord order. |
|
| 655 | 7 |
_aElectronic books. _2local |
|
| 710 | 2 | _aebrary, Inc. | |
| 830 | 0 |
_aPragmatics & beyond companion series ; _v6. |
|
| 856 | 4 | 0 |
_uhttp://site.ebrary.com/lib/rucke/Doc?id=10515895 _zAn electronic book accessible through the World Wide Web; click to view |
| 999 |
_c121719 _d121719 |
||